[Event "ESP-ch U14 rapid"]
[Site "Salobrena"]
[Date "2023.07.22"]
[Round "3"]
[White "Feal Albala, Alonso"]
[Black "Burgui Bueno, Juan"]
[Result "1-0"]
[WhiteElo "1734"]
[BlackElo "1411"]
[PlyCount "49"]
[EventDate "2023.07.22"]
[EventType "swiss (rapid)"]
[EventRounds "9"]
[EventCountry "ESP"]
[SourceTitle "EXT 2024"]
[Source "ChessBase"]
[SourceDate "2023.10.10"]
[SourceVersion "1"]
[SourceVersionDate "2023.10.10"]
[SourceQuality "1"]

1. e4 d5 2. exd5 Qxd5 3. Nc3 Qa5 4. Nf3 Nf6 5. d4 Bf5 6. Bd2 c6 7. Bc4 e6 8. 0-0 Nbd7 9. Re1 Qc7 10. a4 Bd6 11. h3 0-0 12. Qe2 h6 13. Ne5 Nd5 14. Bxd5 exd5 15. Qf3 Bxc2 16. Rac1 Be4 17. Nxe4 dxe4 18. Rxe4 Nxe5 19. dxe5 Bxe5 20. Rce1 Bxb2 21. Bb4 Rfd8 22. Re7 Rd7 23. Qxf7+ Kh8 24. Rxd7 Qc8 25. Rde7 1-0

[Event "ESP-ch U12"]
[Site "Salobrena"]
[Date "2020.07.27"]
[Round "1"]
[White "Moreno Burillo, Marcos Antonio"]
[Black "Burgui Bueno, Juan"]
[Result "1-0"]
[WhiteElo "1581"]
[BlackElo "1205"]
[PlyCount "105"]
[EventDate "2020.07.27"]
[EventType "swiss"]
[EventRounds "9"]
[EventCountry "ESP"]
[SourceTitle "EXT 2021"]
[Source "ChessBase"]
[SourceDate "2020.10.23"]
[SourceVersion "1"]
[SourceVersionDate "2020.10.23"]
[SourceQuality "1"]

1. d4 d5 2. c4 e6 3. Nc3 Nf6 4. cxd5 exd5 5. Bg5 Be7 6. e3 Bf5 7. Bd3 Bxd3 8. Qxd3 c6 9. Nge2 Nbd7 10. 0-0 0-0 11. f3 Qc7 12. e4 dxe4 13. fxe4 h6 14. Bh4 Rad8 15. Qf3 Nb6 16. Rad1 Nc4 17. b3 Nb6 18. Kh1 Nbd7 19. e5 Nxe5 20. dxe5 Qxe5 21. Bg3 Qe6 22. Nd4 Qg4 23. Qxg4 Nxg4 24. Nc2 Rfe8 25. h3 Nf6 26. Rfe1 Nh5 27. Bf2 Rxd1 28. Nxd1 a6 29. g4 Nf4 30. Bc5 Nd5 31. Bxe7 Rxe7 32. Rxe7 Nxe7 33. Nce3 g6 34. Nc4 Nc8 35. Nc3 Kf8 36. Ne4 Ke7 37. Na5 f5 38. gxf5 gxf5 39. Ng3 Nd6 40. Nc4 f4 41. Nxd6 Kxd6 42. Nf5+ Ke5 43. Nxh6 Ke4 44. Kg2 b5 45. Ng4 c5 46. h4 c4 47. Nf2+ Ke3 48. h5 Kd2 49. h6 Ke2 50. h7 c3 51. h8Q c2 52. Qc3 f3+ 53. Kg3 1-0